000 00863 a2200265 4500
001 sjds
003 sjds
005 20240506153133.0
008 240506b |||||||| |||| 00| 0 spa d
020 _a9780153044380 (hard)
020 _a0153044381 (hard)
040 _csjds
041 _aspa
100 1 _aGallego, Margaret A.
245 1 0 _aJuegos y suenos /
_cautores, Margaret A. Gallego [and others].
246 _aEstrellas de la literatura
246 _aHBJ estrellas de la literatura.
260 _aOrlando :
_b Harcourt Brace Jovanovich,
_cc1993.
300 _a96 pages :
_bcolor illustrations ;
_c27 cm.
440 _aHBJ estrellas de la literatura.
500 _aSeries at head of title
505 _aJuegos y suenos -- Cuentas y cuentos -- Flores y colores -- La tierra, mi hogar
521 _aTarget Audience: Grade 2.
942 _cBK
999 _c20763
_d20763